A manual on breeding of Hevea brasiliensis (Record no. 52706)

MARC details
000 -LEADER
fixed length control field 00386nam a2200133Ia 4500
100 ## - MAIN ENTRY--AUTHOR NAME
Personal name Mydin K.K.
245 #2 - TITLE STATEMENT
Title A manual on breeding of Hevea brasiliensis
260 ## - PUBLICATION, DISTRIBUTION, ETC. (IMPRINT)
Name of publisher Rubber Research Institute of India, Kottayam, Kerala, India, 97 p.
Year of publication 2005
650 ## - SUBJECT ADDED ENTRY--TOPICAL TERM
Topical Term Breeding
650 ## - SUBJECT ADDED ENTRY--TOPICAL TERM
Topical Term Manual
700 ## - ADDED ENTRY--PERSONAL NAME
Personal name Saraswathyamma C.K.
942 ## - ADDED ENTRY ELEMENTS (KOHA)
Koha item type Bibliography STAF
Holdings
Withdrawn status Lost status Damaged status Not for loan Home library Current library Date acquired Koha item type
      Bibliography RRII Library RRII Library 09/04/2014 Bibliography STAF